| 000 | 00818nam a22002537a 4500 | ||
|---|---|---|---|
| 005 | 20140814155940.0 | ||
| 010 | _aB-497131-146 ENG-110404 | ||
| 020 |
_a9788179304587 _c625.00 |
||
| 020 |
_a8179304582 _c625.00 |
||
| 035 | _aB-497131-146 | ||
| 035 | _aEN-93936 | ||
| 037 | _bUBH/Ven | ||
| 037 | _bDBAD/PUB | ||
| 082 | _a910 | ||
| 100 | _aAhir, Rajiv | ||
| 245 |
_aGeography / _cby Rajiv Ahir ; edited by Kalpana Rajaram |
||
| 250 | _a16th ed | ||
| 260 |
_aNew Delhi _bSpectrum Books _c2012 |
||
| 270 |
_a102-103, 1st Flr, TC Jaina Tower-III, Janak Puri _bNew Delhi _e110058 |
||
| 300 |
_axv,1055p. : _bill.,maps _c25cm(pbk) |
||
| 700 | _aKalpana Rajaram | ||
| 942 |
_2ddc _cEN _mAHI _h910 |
||
| 999 |
_c74784 _d74784 |
||